000 00796nam a22002417a 4500
005 20240530110356.0
008 150110s2010 ua g 000 0 ara d
017 _a2009/17931
_bمصر . دار الكتب المصرية
020 _a9789770926957
040 _aEG-CaGPL
041 0 _aara
082 0 4 _221
_a257.2\
_bي م
100 0 _aيوسف القرضاوى
245 1 0 _aمقاصد الشريعة المتعلقة بالمال /
_cيوسف القرضاوى
250 _aط1
260 _aالقاهرة :
_bدار الشروق ،
_c2010
300 _a108 ص ؛
_c24 سم
650 0 4 _aالزكاة
650 0 4 _aالفتاوى الشرعية
650 0 4 _aالاسلام ، النظام المالى فى
942 _2ddc
_cBK
999 _c60169
_d60169